| 000 | 00372nam a22001457a 4500 | ||
|---|---|---|---|
| 003 | macl | ||
| 005 | 20180526145556.0 | ||
| 008 | 180526b xxu||||| |||| 00| 0 eng d | ||
| 040 | _cMACL | ||
| 100 |
_aDhar Tripti _972616 |
||
| 245 | _aAN ANALYSIS OF HUMAN LANGUAGE A Comparative Study | ||
| 260 |
_aKolkata _bMITRAM _c2014 |
||
| 650 |
_alinguistic _972617 |
||
| 942 |
_2ddc _cBK |
||
| 999 |
_c58135 _d58135 |
||